| 000 | 00990nam 22002653 4500 | ||
|---|---|---|---|
| 001 | 200229 | ||
| 010 | _a972-780-032-7 | ||
| 021 |
_aPT _b145 509/99 |
||
| 090 | _a200229 | ||
| 100 | _a20260128d u||y0pory50 ba | ||
| 101 | _apor | ||
| 200 |
_aJogos Para a Primavera _e100 Jogos Para Todas as Idades _fJosep Maria Allué _gIlustração de Maria Espluga Solé, Núria Colom Canals e Maria Puig Pons ; Tradução de Mafalda Tello ; Revisão de Branca Vilallonga |
||
| 205 | _a2ª | ||
| 210 |
_aLisboa _cÂncora Editora _d2003 |
||
| 215 |
_a80 p. a 2 colons. : il. _cEncadernado _d29 cm |
||
| 225 | _aJogos para todo o ano | ||
| 606 |
_916060 _aDesporto _xBrincadeiras Infantis. Jogos de Ação |
||
| 675 |
_a793.4(076)/ALL/JOG _vPT _zpor |
||
| 700 |
_916061 _aAllué _bJosep Maria |
||
| 702 |
_916062 _aSolé _bMaria Espluga |
||
| 702 |
_916063 _aCanals _bNúria Colom |
||
| 702 |
_916064 _aPons _bMaria Puig |
||
| 801 |
_aPT _bBMMN _gRPC |
||
| 830 |
_cCarlos Pinto _d28-01-2026 _fCarlos Pinto |
||
| 990 | _cLIVROS | ||